| 000 | 00474nam a2200157Ia 4500 | ||
|---|---|---|---|
| 008 | 231217s9999 xx 000 0 und d | ||
| 041 | _aEnglish | ||
| 082 | _a005.7 HAN;9 | ||
| 100 | _aHan, Jiawei Kamber, Micheline Gray, Jim ed | ||
| 245 | 0 | _aData mining : concepts and techniques | |
| 260 |
_c2001 _bMorgan Kaufmann, _aNew Delhi |
||
| 300 | _axxiv+550 | ||
| 400 | _aMorgan Kaufmann series in data management systems | ||
| 650 | _amining,:,techniques | ||
| 942 | _cAA | ||
| 999 |
_c174324 _d174324 |
||